[Event "AUTO-OPEN-915"]
[Site "http://www.queenalice.com/game.php?id=310080"]
[Date "2007.11.26"]
[Round "1"]
[White "ketchuplover"]
[Black "s2"]
[Result "1-0"]
[WhiteElo "1861"]
[BlackElo "1286"]

1. Nf3 d5 2. d4 f5 3. g3 g6 4. Bg2 e6 5. h4 Bg7 6. h5 gxh5 7. O-O b5 8. a4 Nf6
9. axb5 Bb7 10. Ne5 a6 11. c4 axb5 12. Rxa8 Bxa8 13. cxb5 O-O 14. Nc3 c6 15. b3
cxb5 16. Nxb5 Ne4 17. Ba3 Qa5 18. Bxf8 Bxe5 19. Bxe4 Qxb5 20. Bxf5 exf5 21. dxe5
Kxf8 22. Qc2 Qd7 23. Qc5+ Ke8 24. Ra1 Qb7 25. Ra7 Nd7 26. Rxb7 Nxc5 27. Rb8+ Kf7
28. Rxa8 Nxb3 29. Ra7+ Kg6 30. e6 Nd4 31. Rxh7 Kxh7 32. e7 Nxe2+ 33. Kf1 Nc1 34.
e8=Q d4 35. Qd7+ Kg8 36. Qxd4 1-0

[Event "AUTO-OPEN-915"]
[Site "http://www.queenalice.com/game.php?id=310081"]
[Date "2007.11.26"]
[Round "1"]
[White "s2"]
[Black "ketchuplover"]
[Result "1/2-1/2"]
[WhiteElo "1286"]
[BlackElo "1893"]

1. g4 d5 2. d4 Bxg4 3. f3 Bf5 4. h4 Nf6 5. e4 dxe4 6. Bg5 Nbd7 7. Nc3 exf3 8.
Qxf3 Bg6 9. Qxb7 Rb8 10. Qxa7 Rxb2 11. Bb5 Ne4 12. Nge2 Nxc3 13. Nxc3 Rxc2 14.
Bd2 Rxc3 15. Bxc3 Be4 16. O-O c6 17. Bc4 e6 18. Rae1 Qxh4 19. Qa8+ Ke7 20. Bb4+
c5 21. Rxe4 Qg3+ 22. Kh1 Qh3+ 23. Kg1 Qg3+ 24. Kh1 Qh3+ 25. Kg1 Qg3+ 26. Kh1
1/2-1/2

[Event "AUTO-OPEN-915"]
[Site "http://www.queenalice.com/game.php?id=310104"]
[Date "2007.11.26"]
[Round "1"]
[White "s2"]
[Black "Number9"]
[Result "1-0"]
[WhiteElo "1349"]
[BlackElo "1549"]

1. e4 c5 2. f4 e6 3. e5 d5 4. g4 Nc6 5. Bg2 Qh4+ 6. Kf1 h5 7. Nf3 Qxg4 8. Nc3 a6
9. d4 cxd4 10. h3 Qf5 11. Nxd4 Nxd4 12. Qxd4 Qxc2 13. b4 Bd7 14. a3 Rc8 15. Ne2
Bb5 16. Qf2 Qxc1+ 17. Rxc1 Rxc1+ 18. Qe1 Rxe1+ 19. Kxe1 Bxe2 20. Kxe2 Nh6 21.
Rc1 Kd7 22. h4 Be7 23. Rb1 Nf5 24. b5 Rc8 25. bxa6 bxa6 26. Rb7+ Rc7 27. Rb6
Rc2+ 28. Kf3 Nxh4+ 29. Kg3 Nxg2 30. Rxa6 1-0

[Event "AUTO-BEG-163"]
[Site "http://www.queenalice.com/game.php?id=317110"]
[Date "2007.12.8"]
[Round "1"]
[White "s2"]
[Black "rgoncalves"]
[Result "0-1"]
[WhiteElo "1305"]
[BlackElo "1471"]

1. e4 e5 2. g4 Nf6 3. Bg2 d6 4. Nf3 Bxg4 5. h3 Bxf3 6. Bxf3 h5 7. Nc3 h4 8. b4
Nc6 9. b5 Nd4 10. Bb2 c5 11. O-O b6 12. Na4 Nxb5 13. c4 Nd4 14. Bxd4 cxd4 15. d3
Rb8 16. Rb1 Nd7 17. Bg4 Qg5 18. c5 dxc5 19. Qb3 Rh6 20. Qb5 Rd8 21. a3 Rd6 22.
Qa6 g6 23. Qxa7 f5 24. Nxb6 fxg4 25. a4 gxh3+ 0-1

[Event "AUTO-BEG-163"]
[Site "http://www.queenalice.com/game.php?id=317111"]
[Date "2007.12.8"]
[Round "1"]
[White "rgoncalves"]
[Black "s2"]
[Result "1-0"]
[WhiteElo "1466"]
[BlackElo "1315"]

1. e4 e5 2. d4 exd4 3. Qxd4 c5 4. Qc4 g5 5. b3 a6 6. Nh3 b5 7. Qc3 f6 8. e5 Qe7
9. Be2 fxe5 10. Bxg5 Qd6 11. Bh5+ Qg6 12. Bxg6+ hxg6 13. Qxe5+ Be7 14. Qxh8 Kf7
15. Qh7+ Kf8 16. Qxg6 Bb7 17. Bxe7+ Nxe7 18. Qf6+ Ke8 19. O-O Nbc6 20. Re1 c4
21. b4 Kd8 22. Nc3 Kc8 23. a4 a5 24. axb5 Nxb4 25. b6 Ng8 26. Qf8# 1-0

[Event "AUTO-BEG-178"]
[Site "http://www.queenalice.com/game.php?id=345004"]
[Date "2008.1.29"]
[Round "1"]
[White "marcelob2"]
[Black "s2"]
[Result "1-0"]
[WhiteElo "1352"]
[BlackElo "1364"]

1. e4 e5 2. Nf3 Nc6 3. Bc4 Nf6 4. O-O Nxe4 5. d4 Bd6 6. Nc3 f5 7. d5 Na5 8. Bd3
Bc5 9. Nxe5 g5 10. Qh5+ Ke7 11. Bxg5+ Nxg5 12. Qxg5+ Ke8 13. Qh5+ Ke7 14. d6+
Ke6 15. Qxf5+ Kxd6 16. Nb5+ Kd5 17. Be4# 1-0

[Event "AUTO-BEG-178"]
[Site "http://www.queenalice.com/game.php?id=345005"]
[Date "2008.1.29"]
[Round "1"]
[White "s2"]
[Black "marcelob2"]
[Result "0-1"]
[WhiteElo "1349"]
[BlackElo "1370"]

1. e4 e5 2. g4 Nf6 3. f3 Nc6 4. Nc3 Bc5 5. Nge2 O-O 6. Ng3 d5 7. g5 Ne8 8. Nxd5
Qxg5 9. d4 Qh4 10. dxc5 f5 11. Bg2 fxe4 12. fxe4 Nd4 13. c3 Nc6 14. Be3 Na5 15.
b4 Nc4 16. Bf2 Qh6 17. Qb3 Qd2+ 18. Kf1 Qxf2# 0-1

[Event "AUTO-BEG-178"]
[Site "http://www.queenalice.com/game.php?id=345016"]
[Date "2008.1.29"]
[Round "1"]
[White "kahector"]
[Black "s2"]
[Result "1-0"]
[WhiteElo "1527"]
[BlackElo "1373"]

1. e4 e5 2. Bc4 a6 3. Qf3 Nf6 4. d3 h6 5. Nc3 g5 6. h4 g4 7. Qg3 b5 8. Bd5 c6 9.
Bb3 d5 10. Qxe5+ Be7 11. exd5 Nbd7 12. Qd4 Bc5 13. Qf4 b4 14. Ne4 Nxd5 15. Bxd5
cxd5 16. Nxc5 Nxc5 17. Be3 Nb7 18. O-O-O Qa5 19. Re1 O-O 20. Qxh6 Qxa2 21. Bd4
f6 22. Re7 Rf7 23. Re8+ Rf8 24. Qg6+ 1-0

[Event "AUTO-BEG-178"]
[Site "http://www.queenalice.com/game.php?id=345017"]
[Date "2008.1.29"]
[Round "1"]
[White "s2"]
[Black "kahector"]
[Result "0-1"]
[WhiteElo "1364"]
[BlackElo "1381"]

1. e4 c5 2. c4 Nc6 3. Nf3 Nf6 4. Nc3 g6 5. h3 Bg7 6. e5 Nh5 7. Be2 Nf4 8. O-O d6
9. g3 Nxh3+ 10. Kh2 h5 11. Nh4 Nxe5 12. f4 Ng4+ 13. Bxg4 hxg4 14. f5 Bxf5 15.
Nxf5 Nf2+ 16. Nh4 Bd4 17. Qf3 gxf3 0-1

[Event "AUTO-BEG-146"]
[Site "http://www.queenalice.com/game.php?id=349111"]
[Date "2008.2.5"]
[Round "2"]
[White "KARPOVBR"]
[Black "s2"]
[Result "1-0"]
[WhiteElo "1731"]
[BlackElo "1363"]

1. d4 Nf6 2. e3 a6 3. Nc3 b5 4. Bd2 b4 5. Na4 d6 6. Bxb4 Nc6 7. Bc3 Bb7 8. Nf3
h6 9. Bc4 d5 10. Bb3 Ne4 11. O-O g5 12. Bxd5 Qxd5 13. Ne1 Bg7 14. f3 Nxc3 15.
Nxc3 Qa5 16. Nd3 f5 17. b4 Nxb4 18. Nxb4 Qxb4 19. Qd3 f4 20. Rab1 Qd6 21. Rxb7
fxe3 22. Qxe3 1-0

[Event "AUTO-BEG-146"]
[Site "http://www.queenalice.com/game.php?id=349112"]
[Date "2008.2.5"]
[Round "2"]
[White "s2"]
[Black "KARPOVBR"]
[Result "0-1"]
[WhiteElo "1361"]
[BlackElo "1733"]

1. e4 e5 2. Nf3 d6 3. Nc3 a6 4. h3 Nf6 5. g4 Be7 6. Bc4 O-O 7. b4 Nc6 8. b5 Na5
9. d3 c6 10. Ng5 d5 11. Bb3 d4 12. Na4 cxb5 13. Nb2 Bb4+ 14. Bd2 Bxd2+ 15. Qxd2
h6 16. Nf3 Nc6 17. g5 hxg5 18. Nxg5 Nh5 19. a4 b4 20. Nc4 b5 21. axb5 Ne7 0-1

[Event "AUTO-BEG-146"]
[Site "http://www.queenalice.com/game.php?id=349115"]
[Date "2008.2.5"]
[Round "2"]
[White "castlerock"]
[Black "s2"]
[Result "1-0"]
[WhiteElo "1437"]
[BlackElo "1322"]

1. e4 e5 2. Bc4 Nf6 3. Nc3 c5 4. Nf3 Nc6 5. Nd5 Na5 6. Bd3 c4 7. Be2 Nxe4 8. d3
cxd3 9. Bxd3 Nf6 10. Nxf6+ Qxf6 11. Bg5 Qe6 12. O-O e4 13. Bxe4 Qxe4 14. Re1 Qe6
15. Rxe6+ fxe6 16. Qd2 b6 17. Re1 h6 18. Bf4 g5 19. Be5 Nc4 20. Qd4 Nxe5 21.
Qxe5 Rh7 22. c4 d6 23. Qe3 Ba6 24. Qxe6+ Re7 25. Qg6+ Kd7 26. Rd1 Re6 27. Qf7+
Be7 28. Qf5 Bc8 29. Ne5+ Kc7 30. Qe4 Bb7 31. Qd3 Rxe5 32. b4 Be4 33. Qd2 a5 34.
c5 bxc5 35. bxc5 Rxc5 36. f3 Bc2 37. Re1 1-0

[Event "AUTO-BEG-146"]
[Site "http://www.queenalice.com/game.php?id=349116"]
[Date "2008.2.5"]
[Round "2"]
[White "s2"]
[Black "castlerock"]
[Result "0-1"]
[WhiteElo "1311"]
[BlackElo "1448"]

1. Nc3 d5 2. d4 Nf6 3. f4 e6 4. a3 Bd7 5. Nf3 Nc6 6. b4 Ng4 7. h3 Nf6 8. b5 Na5
9. Na4 Bxb5 10. Bd2 Nc4 11. e3 Ne4 12. Bxc4 Bxc4 13. g4 Qd7 14. c3 Ng3 15. Rg1
Be2 16. Ne5 Qb5 17. Qb1 Qa6 18. Nc5 Bxc5 19. Rxg3 Bf1 20. Qd1 Bb6 21. Rg1 Bb5
22. g5 O-O 23. a4 Be2 24. Qxe2 Qxe2+ 25. Kxe2 Rad8 26. a5 Bxd4 27. cxd4 g6 28.
a6 bxa6 29. Nc6 Rd7 30. Rxa6 f6 31. Nxa7 fxg5 32. Rxg5 Kg7 33. Bb4 Re8 34. h4 h6
35. Rg4 c5 0-1